000 00713nam a2200301Ia 4500
005 20260401122413.0
008 008 250103s9999 xx 000 0 eng d
020 _a9781844677528
037 _aTB
040 _aEDL
040 _beng
040 _cEDL
041 _2eng
041 _aeng
084 _a320.2 WOO
084 _qEDL
100 _aWood, Ellen Meiksins
245 0 _aLibertyand Property: a social history of political thought from renaissance to enlightenment
245 0 _cWood, Ellen Meiksins
260 _aNew York
260 _bVerso
260 _c2012
300 _a325p
942 _cTB
942 _h320.2 WOO
999 _c1847049
_d1847049